000 00358nam a2200145Ia 4500
008 230718s9999 xx 000 0 und d
041 _aEng.
082 _a346.0488
_bIMR-O
100 _aimran ahsan khan nayaze
245 0 _aoutlines of muslim personal law
260 _aPakistan
_bfederal law house
_c2016
300 _a626
650 _aLaw
999 _c33023
_d33023